000 01141nam a22003617a 4500
001 BR0204545
003 BR-BrBNA
005 20230928101146.0
007 ta
008 230509b bl.||||| |||| 00| 0 por d
040 _aBR-BrBNA
_bpor
_cBiblioteca Nacional de Agricultura
041 _a(Por)
072 _aP34; P33
_b0336
_b1930
_b3840
_b4120
090 _ 0336 BR0204545
100 1 _aSilva, M.A. da
110 1 _aUniversidade Federal de Lavras, MG (Brasil)
_0Tese (Mestre em Agronomia)
245 1 _aFracionamento de fósforo em latossolos com diferentes usos, fósforo adicional, micorriza e cultivo com soja e braquiária em casa de vegetação
260 3 _aLavras, MG (Brasil):
_c2002.
300 _a56 p.
500 _aSummaries (Eng, Por); Bibliography p. 48-56; 30 tables
650 _aSOJA
650 _aCAPIM BRACHIARIA
650 _aFÓSFORO
650 _aFUNGO
650 _aMICORRIZA
650 _aESTUFA
650 _aFINANCIAMENTO
650 _aFERTILIZANTE FOSFATADO
650 _aABSORÇÃO DE NUTRIENTES
650 _aMÉTODO ESTATÍSTICO
909 _a202309
_bLucia
_c55
_dLucia Elande
942 _cBK
999 _c64516
_d64516